000 00570nam a2200181 i 4500
001 121708
003 ES-MaACL
005 20230906191815.0
007 t|
008 070214s1969 sp r ||||1| cat d
100 1 _aPorter i Moix, Miquel.
_993234
245 1 0 _aHistoria del cinema catalá
_b: (1895-1968) /
_cMiquel Porter i Moix, Mª Teresa Ros Vilella.
260 _aBarcelona :
_bTaber,
_c1969.
300 _a302 p., 4 lám. :
_bil. ;
_c22 cm.
650 0 4 _aCine-
_zCataluña.
_9171106
700 1 _aRos Vilella, Mª Teresa.
_999597
852 _aES-MaACL
_jC-38627
999 _c121708
_d121708